[Event "Acropolis Open"]
[Site "Athens GRE"]
[Date "2007.08.17"]
[Round "4"]
[White "Delithanasis,D"]
[Black "Kadimova,I"]
[Result "0-1"]
[WhiteElo "2217"]
[BlackElo "2316"]

1.Nf3 d5 2.g3 Nf6 3.Bg2 c6 4.b3 Bg4 5.Ne5 Bf5 6.Bb2 Nbd7 7.O-O e6 8.d3 Nxe5
9.Bxe5 Bc5 10.e3 O-O 11.Nd2 Qe7 12.Qe2 Rfd8 13.Nf3 h6 14.h3 Bh7 15.g4 Re8
16.Bg3 Nd7 17.Rad1 a5 18.a4 Bd6 19.Bxd6 Qxd6 20.e4 e5 21.Nh4 Qf6 22.Nf5 dxe4
23.dxe4 Nf8 24.Rd6 Re6 25.Rd2 h5 26.Rfd1 hxg4 27.hxg4 Qg5 28.f3 Ng6 29.Qf2 Rf8
30.Bf1 Nf4 31.Qh4 Qxh4 32.Nxh4 Rh6 33.Rh2 g6 34.Bc4 Kg7 35.Rd7 Bg8 36.Ng2 Nh3+
37.Kf1 Rb8 38.Ne1 Kf8 39.Rdd2 Ke7 40.Rdg2 f6 41.Bxg8 Rxg8 42.Nd3 Rgh8 43.Rd2 b6
44.b4 Nf4 45.Rxh6 Rxh6 46.Nxf4 exf4 47.bxa5 bxa5 48.Kg2 Rh8 49.Rd4 g5 50.Rc4 Kd6
51.Rd4+ Kc5 52.Rd7 Rb8 53.Rf7 Rb2 54.Rxf6 Rxc2+ 55.Kf1 Kd4 56.Rf5 Ke3 57.Rxg5 Kxf3
58.Ke1 Kg2 59.Rf5 f3 60.g5 f2+ 61.Kd1 Ra2  0-1

[Event "Acropolis Open"]
[Site "Athens GRE"]
[Date "2007.08.17"]
[Round "4"]
[White "Skalkotas,N"]
[Black "Haznedaroglu,K"]
[Result "1/2-1/2"]
[WhiteElo "2275"]
[BlackElo "2440"]

1.Nf3 d5 2.g3 Nf6 3.Bg2 c6 4.O-O Bf5 5.d3 Nbd7 6.Qe1 e5 7.e4 dxe4 8.dxe4 Bg6
9.Nh4 Bc5 10.Nc3 O-O 11.Be3 Re8 12.Rd1 Qc7 13.Nxg6 hxg6 14.Bh3 Bxe3 15.Qxe3 Nf8
16.Rd3 Qb6 17.Qxb6 axb6 18.a4 N6h7 19.Rfd1 Ng5 20.Bd7 Re7 21.h4 Nge6 22.Bxe6 Nxe6
23.b3 f6 24.Kf1 Kf7 25.Ke2 Rh8 26.Kd2 f5 27.Kc1 f4 28.Kb2 Rh5 29.b4 g5 30.hxg5 Rxg5
31.Ne2 fxg3 32.fxg3 Rg4 33.Re3 Ng5 34.Nc3 Ke6 35.Rh1 Rf7 36.Rh8 Nf3 37.Rb8 Nd2
38.Rd3 Nxe4 39.Nxe4 Rxe4 40.Kb3 Re2 41.Re8+ Re7 42.Red8 Rg2 43.R8d6+ Kf7
44.Rf3+ Kg8 45.b5 cxb5 46.axb5 e4 47.Re3 Rf2 48.Kc3 Rc7+ 49.Kd4 Rd2+ 50.Ke5 Re7+
51.Re6 Rxe6+ 52.Kxe6 Rxc2 53.Rxe4 Rc5 54.Re5 Kh7 55.Kd6 Rc3 56.g4 Rc4 57.Re7 Rb4
58.Re5 Rxg4 59.Kc7 Rg6 60.Kxb7 Rf6 61.Re7 Kh6  1/2-1/2

[Event "RC Sport Open"]
[Site "Ceska Trebova CZE"]
[Date "2007.08.17"]
[Round "9"]
[White "Stryjecki,M"]
[Black "Hrabusa,M"]
[Result "1-0"]
[WhiteElo "2416"]
[BlackElo "2277"]

1.g3 d5 2.Nf3 Nf6 3.Bg2 c6 4.O-O Bg4 5.c4 e6 6.d3 Nbd7 7.cxd5 exd5 8.Qc2 Bd6
9.e4 O-O 10.Nc3 Re8 11.Be3 Bc5 12.Nd4 dxe4 13.dxe4 Bh5 14.f3 Nd5 15.Bf2 Nb4
16.Qe2 Qf6 17.Rad1 Rad8 18.a3 Nd5 19.Na4 Bf8 20.Nb3 N5b6 21.Nac5 Nxc5 22.Nxc5 Bxc5
23.Bxc5 Qe5 24.Qf2 Na4 25.Bxa7 Nxb2 26.Rxd8 Rxd8 27.Qb6 Rd7 28.Bh3 Re7 29.f4 Qxe4
30.Qxb2 Be2 31.Re1 Qc4 32.Qb4  1-0

[Event "New England Masters"]
[Site "Peabody USA"]
[Date "2007.08.17"]
[Round "9"]
[White "Vigorito,D"]
[Black "Shankland,S"]
[Result "1-0"]
[WhiteElo "2393"]
[BlackElo "2166"]

1.Nf3 d5 2.g3 c6 3.Bg2 Bg4 4.O-O Nd7 5.d3 Ngf6 6.Nbd2 e5 7.e4 dxe4 8.dxe4 Bc5
9.Qe1 O-O 10.b3 Qe7 11.a3 Rad8 12.Bb2 b5 13.h3 Bxf3 14.Nxf3 Nh5 15.Kh2 g6
16.a4 Rfe8 17.axb5 cxb5 18.Qe2 b4 19.Rfd1 f6 20.h4 Nb6 21.Bh3 Ng7 22.Kg2 Rxd1
23.Rxd1 Rd8 24.Bc1 Kf7 25.Nxe5+  1-0

[Event "Open"]
[Site "Ptuj SLO"]
[Date "2007.08.17"]
[Round "7"]
[White "Bohak,J"]
[Black "Tomazini,A"]
[Result "1/2-1/2"]
[WhiteElo "2158"]
[BlackElo "1989"]

1.Nf3 d5 2.g3 Nf6 3.Bg2 Bg4 4.O-O Bxf3 5.Bxf3 c6 6.d3 e6 7.c4 Bd6 8.cxd5 exd5
9.e4 dxe4 10.dxe4 O-O 11.Qb3 Qc7 12.Nd2 Nbd7 13.Nc4 Ne5 14.Nxe5 Bxe5 15.Be3 Rfe8
16.Rfe1 b6 17.Rac1 c5 18.Qc2 Qe7 19.Be2 Red8 20.Red1 Bc7 21.f3 Rxd1+ 22.Rxd1 h6
23.Kg2  1/2-1/2

[Event "Rubinstein Mem"]
[Site "Polanica Zdroj POL"]
[Date "2007.08.18"]
[Round "1"]
[White "Markowski,T"]
[Black "Buhmann,R"]
[Result "1/2-1/2"]
[WhiteElo "2573"]
[BlackElo "2583"]

1.g3 d5 2.Nf3 Nf6 3.Bg2 c6 4.O-O Bg4 5.d3 Nbd7 6.h3 Bxf3 7.exf3 g6 8.f4 Bg7
9.Nd2 O-O 10.Nf3 Re8 11.Re1 Qc7 12.Qe2 Nf8 13.Ne5 N6d7 14.c3 Rad8 15.Bd2 f6
16.Nxd7 Qxd7 17.Be3 a6 18.h4 f5 19.Bb6 Rc8 20.Qe3 e6 21.Bc5  1/2-1/2

[Event "Romanian Open"]
[Site "Predeal ROM"]
[Date "2007.08.18"]
[Round "9"]
[White "Badea,B"]
[Black "Stolte,A"]
[Result "1-0"]
[WhiteElo "2488"]
[BlackElo "2191"]

1.Nf3 d5 2.g3 c5 3.Bg2 Nc6 4.d4 Nf6 5.O-O e6 6.c4 dxc4 7.Qa4 Qb6 8.Na3 cxd4
9.Nxd4 Bxa3 10.Nxc6 O-O 11.bxa3 Bd7 12.Ne7+ Kh8 13.Qxc4 Qd8 14.Bd2 a5 15.Qc5 b6
16.Qd6 Bb5 17.Qxd8  1-0

[Event "20th Open"]
[Site "Panevezys LTU"]
[Date "2007.08.19"]
[Round "2"]
[White "Zickus,S"]
[Black "Laurusaite,B"]
[Result "1-0"]
[WhiteElo "2223"]
[BlackElo "1968"]

1.Nf3 d5 2.g3 Nf6 3.Bg2 c6 4.O-O Bg4 5.d4 e6 6.Nbd2 Nbd7 7.Re1 Be7 8.e4 dxe4
9.Nxe4 Nxe4 10.Rxe4 Nf6 11.Re1 O-O 12.c3 Qb6 13.Qb3 Rfd8 14.Nd2 Bf5 15.Nc4 Qxb3
16.axb3 Nd5 17.Ra5 Bc2 18.Ra1 Bf8 19.b4 Rdc8 20.Bd2 b6 21.Ne5 Rc7 22.c4 Nxb4
23.Bxb4 Bxb4 24.Re2 Bg6 25.Nxc6 Rxc6 26.Bxc6 Rc8 27.Be4 Rxc4 28.Bxg6 hxg6
29.Rxa7 Rxd4 30.Ra4 Rd1+ 31.Kg2 Be7 32.Ra6 Bc5 33.Re4 g5 34.b4 f5 35.Rxe6 Bxb4
36.Raxb6 Bc3 37.Rec6 Bf6 38.Rb5 f4 39.gxf4 gxf4 40.Rf5 Rd4 41.Kf3 Kh7 42.Rxf4 Rd3+
43.Kg2 Kg6 44.Ra6 Kg5 45.Rf3 Rd4 46.Rg3+ Kf5 47.Ra7 Rb4 48.Ra5+ Ke6 49.Re3+ Kf7
50.Rea3 Rg4+ 51.Kf3 Rh4 52.Kg3 Rb4 53.R3a4 Rb3+ 54.f3 Ke6 55.h4 Rb1 56.Re4+ Kf7
57.h5 Rg1+ 58.Kf2 Rh1 59.Kg2 Rc1 60.Rf4 Rc2+ 61.Kh3 Rc1 62.Kg2 Rc2+ 63.Kg3 Rc6
64.Kg4 Kg8 65.Rb4 Kh7 66.Ra8 g6 67.hxg6+ Kxg6 68.Rba4 Rc1 69.R8a6 Rg1+ 70.Kf4 Kg7
71.Rc6 Re1 72.Ra7+  1-0

[Event "Acropolis Open"]
[Site "Athens GRE"]
[Date "2007.08.20"]
[Round "7"]
[White "Grigoriadis,A"]
[Black "Danielian,E"]
[Result "1/2-1/2"]
[WhiteElo "2362"]
[BlackElo "2439"]

1.Nf3 d5 2.g3 Nf6 3.Bg2 c6 4.O-O Bg4 5.b3 Nbd7 6.Bb2 e6 7.d3 Bd6 8.Nbd2 O-O
9.h3 Bh5 10.e4 e5 11.Re1 Re8 12.Qe2 a5 13.a4 Qc7 14.Qf1 dxe4 15.Nxe4 Nxe4
16.dxe4 f6 17.Bc3 Nc5 18.Nd2 Ne6 19.Bf3 Bf7 20.Be2 Red8 21.Bc4 Bb4 22.Bxb4 axb4
23.Nf3 Qe7 24.Rad1 Qc5 25.Rxd8+ Nxd8 26.Bxf7+ Nxf7 27.Qe2 Rd8 28.Rd1 Rxd1+
29.Qxd1 Nd6 30.Qd3 Kf7 31.Kf1 Ke7 32.Ke2 b5 33.axb5 Nxb5 34.h4 Nc3+ 35.Kf1 Qb5
36.Nd2 Qxd3+ 37.cxd3 Kd6 38.f4 Kc5 39.fxe5 fxe5 40.Nf3 Na2 41.Nxe5 Nc1 42.d4+ Kxd4
43.Nxc6+ Kc5 44.Na5 Kd4 45.e5 Kxe5 46.Nc6+ Ke4 47.Nxb4 Kf3 48.Nd5 Nxb3 49.Nf4 Nd4
50.Kg1 Nf5 51.Kh2 Nxg3 52.Ne6 Nh5 53.Ng5+ Kg4 54.Nxh7 Kxh4 55.Nf8 g5 56.Ne6 g4
57.Kg2 g3 58.Kg1 Kg4 59.Kg2 Nf6 60.Nd4 Nd5 61.Ne2 Nf4+ 62.Nxf4 Kxf4 63.Kg1 Kf3  1/2-1/2

[Event "Epetium Open"]
[Site "Stobrec CRO"]
[Date "2007.08.21"]
[Round "4"]
[White "Miskovic,T"]
[Black "Fernandez Quintero,J"]
[Result "1-0"]
[WhiteElo "1934"]
[BlackElo "1919"]

1.Nf3 d5 2.g3 Nf6 3.Bg2 Bg4 4.O-O Nbd7 5.d4 c6 6.Nbd2 e6 7.b3 Bd6 8.Bb2 Qc7
9.c4 O-O 10.Rc1 Rac8 11.a3 a5 12.Re1 Rfe8 13.Qc2 Bf5 14.Qc3 Ne4 15.Nxe4 Bxe4
16.Bh3 Nf6 17.c5 Bf8 18.Ne5 Bf5 19.Bg2 h5 20.f3 Bh7 21.e4 g5 22.Qd2 Bh6 23.h4 Nxe4
24.fxe4 f6 25.Nd3 Qxg3 26.Qe3 Qxe3+ 27.Rxe3 gxh4 28.Rce1 Bxe3+ 29.Rxe3 Kf7
30.Kf2 Rg8 31.exd5 exd5 32.Bc3 Rg3 33.Nf4 Rcg8 34.Bf3 Bg6 35.Bxa5 Rg5 36.Bc7 Re8
37.Rxe8 Kxe8 38.Nxg6 Kd7 39.Nf4 Rg4 40.Bxg4+ hxg4 41.Bd6 f5 42.Ng6 h3 43.Kg3 Ke6
44.b4 b6 45.Nf4+ Kd7 46.a4 bxc5 47.bxc5 Kc8 48.Nxh3 gxh3 49.Kxh3 Kb7 50.Kg3 Ka6
51.Bc7 Kb7 52.Bb6  1-0

[Event "Dato Arthur Tan Malaysian Op"]
[Site "Kuala Lumpur MAS"]
[Date "2007.08.22"]
[Round "6"]
[White "Liew Chee Meng, Jimmy"]
[Black "Senador,E"]
[Result "0-1"]
[WhiteElo "2309"]
[BlackElo "2380"]

1.Nf3 d5 2.g3 c5 3.Bg2 Nf6 4.O-O Nc6 5.d3 e5 6.Nbd2 Bd6 7.e4 O-O 8.a4 dxe4
9.dxe4 h6 10.c3 Be6 11.h3 Qd7 12.Kh2 g5 13.Qe2 Rad8 14.Nc4 Bc7 15.Be3 Qd3
16.Qxd3 Rxd3 17.Nfd2 Rfd8 18.Bf3 Na5 19.Nxa5 Rxe3 20.fxe3 Rxd2+ 21.Bg2 Nxe4
22.Nxb7 Bd5 23.Rad1 Rxg2+ 24.Kxg2 Bxb7 25.a5 Nxc3+ 26.Kh2 Nxd1 27.Rxd1 Bxa5
28.Rd7 Be4 29.Rxa7 Bd2 30.Ra3 f5 31.Kg1 Be1 32.Kh2 Kf7 33.Ra7+ Ke6 34.g4 f4
35.Ra6+ Kd5 36.exf4 gxf4  0-1

[Event "1st Serbian League Men"]
[Site "Zlatibor SRB"]
[Date "2007.08.22"]
[Round "2"]
[White "Drasko,M"]
[Black "Pikula,D"]
[Result "1/2-1/2"]
[WhiteElo "2552"]
[BlackElo "2504"]

1.Nf3 d5 2.g3 Nf6 3.Bg2 c6 4.O-O Bf5 5.b3 e6 6.Bb2 h6 7.d3 Be7 8.Nbd2 O-O
9.c4 a5 10.a3 Bh7 11.Qc2 Nbd7 12.Bc3 b5 13.cxb5 cxb5  1/2-1/2

[Event "16th VR Bank Open"]
[Site "Apolda GER"]
[Date "2007.08.23"]
[Round "1"]
[White "Gutman,L"]
[Black "Nolte,A"]
[Result "1-0"]
[WhiteElo "2408"]
[BlackElo "1878"]

1.Nf3 d5 2.g3 Nf6 3.Bg2 c5 4.O-O Nc6 5.d4 Bf5 6.c4 e6 7.Nc3 Be7 8.cxd5 Nxd5
9.Nxd5 exd5 10.dxc5 Bxc5 11.Ng5 Be6 12.e4 d4 13.Nxe6 fxe6 14.Qh5+  1-0

[Event "15th Open"]
[Site "Nikea GRE"]
[Date "2007.08.23"]
[Round "1"]
[White "Goumas,G"]
[Black "Liodakis,K"]
[Result "1-0"]
[WhiteElo "2183"]
[BlackElo "1878"]

1.Nf3 d5 2.g3 Nf6 3.Bg2 c5 4.O-O Nc6 5.d4 cxd4 6.Nxd4 e6 7.c4 Bc5 8.Nb3 Bb6
9.cxd5 Nxd5 10.e4 Ndb4 11.Nc3 O-O 12.a3 Nd3 13.Qe2 Nce5 14.Rd1 Bxf2+ 15.Qxf2 Nxf2
16.Rxd8 Rxd8 17.Kxf2 Nd3+ 18.Ke3 Nxc1 19.Rxc1 Bd7 20.e5 Bc6 21.Bxc6 bxc6
22.Na5 c5 23.Ne4 Rd5 24.Rxc5 Rb8 25.b4 Rbd8 26.Rxd5 Rxd5 27.Nc6 Rd7 28.Nc5 Rc7
29.b5 Kf8 30.a4 Ke8 31.Kd4 g5 32.a5 h5 33.a6 g4 34.Nxa7 Rxa7 35.b6  1-0

[Event "20th Open"]
[Site "Panevezys LTU"]
[Date "2007.08.23"]
[Round "8"]
[White "Zickus,S"]
[Black "Beinoras,M"]
[Result "1/2-1/2"]
[WhiteElo "2223"]
[BlackElo "2223"]

1.Nf3 d5 2.g3 Nf6 3.Bg2 c6 4.O-O Bg4 5.d4 Nbd7 6.Nbd2 e6 7.Re1 Be7 8.e4 dxe4
9.Nxe4 Nxe4 10.Rxe4 Nf6 11.Re1 O-O 12.c3 Qb6 13.Qa4 a5 14.Qb3 Qxb3 15.axb3 Bf5
16.Nd2 Bc2 17.Nc4 Bxb3 18.Nxa5 Bc4 19.Bd2 Ba6 20.b4 Nd5 21.Ra3 Rac8 22.Rb1 Bd3
23.Rba1 b6 24.Nb3 Bc4 25.Bf1 Bxf1 26.Kxf1 c5 27.bxc5 bxc5 28.Nxc5 Bxc5 29.dxc5 Rxc5
30.Ra8 f6 31.Rxf8+ Kxf8 32.Ra3 Rc7 33.Ke2 Ne7 34.Kd3 Rd7+ 35.Kc2 Nc6 36.Be3 Ne5
37.Ra4 Rc7 38.Bf4 Rc5 39.Re4 Ke7 40.Bxe5 fxe5 41.c4 Kd6 42.Kd3 Ra5 43.Re2 Ra3+
44.Ke4 Rc3 45.Rd2+ Ke7 46.Kxe5 Rxc4 47.Ra2 Rc5+ 48.Kd4 Rd5+ 49.Ke4 Kf6 50.h4 Rb5
51.Ra8  1/2-1/2

[Event "Rubinstein Mem"]
[Site "Polanica Zdroj POL"]
[Date "2007.08.23"]
[Round "6"]
[White "Markowski,T"]
[Black "Laznicka,V"]
[Result "1/2-1/2"]
[WhiteElo "2573"]
[BlackElo "2594"]

1.g3 d5 2.Nf3 Nf6 3.Bg2 c6 4.O-O Bf5 5.d3 e6 6.Nh4 Bg6 7.Nxg6 hxg6 8.e4 Nbd7
9.exd5 Nxd5 10.c4 N5f6 11.d4 Qa5 12.Be3 O-O-O 13.Qe2 Qh5 14.Qxh5 Rxh5 15.h3 c5
16.dxc5 Bxc5 17.Bxc5 Rxc5 18.b3 Ne5 19.Nc3 Rd3 20.Rac1 a6 21.Na4 Ra5 22.Rfd1 Kc7
23.Nc3 g5 24.Kf1 g4 25.hxg4 Nfxg4 26.Ke2  1/2-1/2

[Event "1st Serbian League Women"]
[Site "Zlatibor SRB"]
[Date "2007.08.23"]
[Round "3"]
[White "Djukic,Sa"]
[Black "Nikolic,Mila"]
[Result "1-0"]
[WhiteElo "2153"]
[BlackElo "1987"]

1.g3 d5 2.Nf3 Bg4 3.Ne5 Bh5 4.d4 Nd7 5.Nxd7 Qxd7 6.Bg2 e6 7.O-O Bd6 8.c4 c6
9.Nd2 Nf6 10.Qe1 O-O 11.e4 dxe4 12.Nxe4 Nxe4 13.Qxe4 Bg6 14.Qe2 Be7 15.Be3 Bf6
16.Rfd1 Rfd8 17.h4 h6 18.h5 Bh7 19.Rd2 Qc7 20.Rad1 Rac8 21.a3 b6 22.b4 Rd7
23.Bf4 Qd8 24.Be5 Qe7 25.f4 Bxe5 26.dxe5 Rxd2 27.Qxd2 Qc7 28.Qd7 Bf5 29.Bf3 c5
30.b5 Bc2 31.Rd2 Bb1 32.Kf2 Kf8 33.Ke3 g5 34.hxg6 Bxg6 35.Bb7 Qxd7 36.Rxd7 Re8
37.Bc6 Re7 38.Rd8+ Kg7 39.Be4 Rc7 40.g4 Bxe4 41.Kxe4 Kg6 42.f5+ Kg7 43.Rd6 exf5+
44.gxf5 Kh7 45.e6 fxe6 46.fxe6 Kg6 47.Rd7 Rc8 48.Ke5 Rf8 49.e7 Rf5+ 50.Ke4  1-0

[Event "16th VR Bank Open"]
[Site "Apolda GER"]
[Date "2007.08.24"]
[Round "3"]
[White "Troyke,C"]
[Black "Buring,M"]
[Result "1-0"]
[WhiteElo "2386"]
[BlackElo "2132"]

1.g3 d5 2.Nf3 Nc6 3.c4 dxc4 4.Bg2 Rb8 5.O-O e5 6.b3 cxb3 7.Qxb3 Be6 8.Qa4 Bd6
9.Bb2 Bd7 10.Na3 b5 11.Qb3 Nge7 12.Rfd1 O-O 13.d4 exd4 14.Nxd4 Nxd4 15.Bxd4 Nc6
16.Bb2 Qe8 17.Rac1 Ne5 18.Bd4 b4 19.Nc2 Be6 20.Bd5 a5 21.Ne3 a4 22.Qb2 f6
23.Ba7 Rd8 24.Bc5 Rb8 25.Rd4 Bxd5 26.Nxd5 Nc6 27.Rd3 Qe5 28.Qd2 Bxc5 29.Rxc5 Ne7
30.Re3 Qa1+ 31.Rc1 Qxc1+ 32.Qxc1 Nxd5 33.Qc4 Rfd8 34.Rd3 Kh8 35.e4 b3 36.axb3 axb3
37.Rxb3 Rxb3 38.Qxb3 Nb6 39.Qf7 Rc8 40.h4 h6 41.Kg2  1-0

[Event "Dato Arthur Tan Malaysian Op"]
[Site "Kuala Lumpur MAS"]
[Date "2007.08.24"]
[Round "8"]
[White "Anas,N"]
[Black "Bancod,Ron"]
[Result "0-1"]
[WhiteElo "2230"]
[BlackElo "2373"]

1.Nf3 d5 2.g3 Nf6 3.Bg2 c6 4.O-O Bg4 5.d4 Nbd7 6.Nbd2 e6 7.c4 Be7 8.b3 O-O
9.Bb2 a5 10.Re1 a4 11.Qc1 axb3 12.axb3 Bb4 13.Bc3 Qb6 14.Qb2 h6 15.e3 Be7
16.Ra2 Rfc8 17.Rea1 Qd8 18.Ra7 Rab8 19.Qa2 c5 20.Qa5 Qxa5 21.R7xa5 cxd4 22.Nxd4 e5
23.Nb5 Be6 24.Na7 Rc5 25.Rxc5 Bxc5 26.Nb5 Rc8 27.h4 e4 28.Rc1 Bf8 29.Bb2 Bb4
30.Bc3 Bxc3 31.Nxc3 Ne5 32.Rb1 Nfg4 33.cxd5 Rxc3 34.dxe6 f5 35.Nc4 Kf8 36.Nd6 g6
37.h5 Ke7 38.Nb5 Rc2 39.Nd4 Rxf2 40.hxg6 Nxg6 41.Rc1 Kd6 42.Rc8 N6e5 43.Rf8 Ke7
44.Rh8 Nf3+ 45.Bxf3 exf3 46.Rh7+ Kd6 47.Nxf5+ Kxe6 48.Nh4 Re2 49.Nxf3 Rxe3
50.Kg2 Re2+ 51.Kh3 Nf2+ 52.Kh4 Re4+ 53.Kh5 Re3 54.Rxh6+ Kd5 55.Nh4 Rxg3 56.Rb6 Rg7
57.Ng6 Nd3 58.Kh6 Rf7 59.Kg5 Kc5 60.Re6 b5 61.Re3 Rd7 62.Kf5 Kb4 63.Rh3 Nc5
64.Ne5 Rd5 65.Kf4 Nxb3 66.Ke4 Rd4+ 67.Ke3 Rd6 68.Rh8 Na5 69.Ke4 Nc4 70.Nd3+ Kc3
71.Nf4 Rd4+ 72.Kf3 Ne5+ 73.Ke3 Rxf4 74.Rh5 Rc4 75.Rxe5 b4 76.Ke2 b3 77.Kd1 Rd4+  0-1

[Event "Epetium Open"]
[Site "Stobrec CRO"]
[Date "2007.08.24"]
[Round "6"]
[White "Plenkovic,Z"]
[Black "Hecko,D"]
[Result "1-0"]
[WhiteElo "2341"]
[BlackElo "2124"]

1.Nf3 d5 2.g3 Nf6 3.Bg2 Bf5 4.O-O e6 5.d3 c6 6.c4 dxc4 7.dxc4 Qxd1 8.Rxd1 Nbd7
9.Nc3 Be7 10.Bf4 O-O-O 11.Rac1 Nb6 12.Rxd8+ Rxd8 13.Ne5 Rf8 14.a4 Nbd7 15.a5 Nxe5
16.Bxe5 Ne8 17.a6 Bd6 18.Bd4 Kb8 19.axb7 Kxb7 20.Nb5 Bb8 21.Bc5 Rg8 22.Nd4 Nf6
23.Bxc6+ Kc7 24.Bf3 Be4 25.Ra1 Kb7 26.Nb5 Bxf3 27.exf3 Rc8 28.Bxa7 Rxc4 29.Bxb8 Kxb8
30.Nd6 Rc7 31.Ra5 Rd7 32.Rb5+ Kc7 33.Ne4 Nd5 34.Kg2 Kd8 35.f4 Ke7 36.Kf3 Rc7
37.Ke2 h6 38.Kd2 f5 39.Nc5 Kf6 40.Kd3 g5 41.fxg5+ hxg5 42.Kd4 Rh7 43.Nxe6 Kxe6
44.Rxd5 Rxh2 45.Re5+ Kf6 46.Re2 f4 47.gxf4 gxf4 48.Ke4 Kg5 49.b4 Rh8 50.b5 Kg4
51.Rb2 Re8+ 52.Kd3 Kf3 53.b6 Rb8 54.Kd4 Kg2 55.Kc5 f3 56.Kc6 Re8 57.b7 Re2
58.b8=Q Kxf2 59.Qh2+ Ke3 60.Rxe2+ fxe2 61.Qg1+ Kd2 62.Qd4+  1-0

[Event "1st Serbian League Women"]
[Site "Zlatibor SRB"]
[Date "2007.08.24"]
[Round "4"]
[White "Chelushkina,I"]
[Black "Vasilevich,T"]
[Result "1/2-1/2"]
[WhiteElo "2340"]
[BlackElo "2377"]

1.g3 d5 2.Nf3 Nf6 3.Bg2 e6 4.O-O b5 5.b3 Bb7 6.Bb2 Be7 7.d3 O-O 8.Nbd2 c5
9.a4 a6 10.axb5 axb5 11.Rxa8 Bxa8 12.e4 dxe4 13.Ne5 Nc6 14.dxe4 Qb6 15.Nd3 Rd8
16.Qe2 Bb7 17.h4 Ba6 18.e5 Nd5 19.Qg4 Ndb4 20.Nxb4 cxb4 21.Ne4 Nd4 22.Nf6+ Kh8
23.Nd5 exd5 24.Bxd4 Bc5 25.Rd1 Bc8 26.Qg5 Bxd4 27.Rxd4 h6 28.Qd2 Bf5 29.Qxb4 Bxc2
30.Rxd5 Rb8 31.Rc5 Bf5 32.Rc6 Qa7 33.Qd6 Qa1+ 34.Kh2 Re8 35.Rc5 Qb2 36.Rxb5 Qxf2
37.Rb4 Qe2 38.Rf4 Rxe5 39.Qf8+ Kh7 40.Qxf7 Be6 41.Qf8 Bxb3 42.Rf2 Qb5 43.Bh3 Be6
44.Bf1 Bc4 45.Bh3 Be6 46.Bxe6  1/2-1/2

[Event "16th VR Bank Open"]
[Site "Apolda GER"]
[Date "2007.08.25"]
[Round "5"]
[White "Troyke,C"]
[Black "Reyer,U"]
[Result "1-0"]
[WhiteElo "2386"]
[BlackElo "2200"]

1.g3 d5 2.Nf3 Nc6 3.c4 d4 4.Bg2 e5 5.d3 f5 6.O-O Nf6 7.e3 Bc5 8.exd4 Bxd4
9.Nxd4 Qxd4 10.Nc3 Be6 11.Qb3 Qb6 12.Nb5 O-O-O 13.c5 Bxb3 14.cxb6 Bd5 15.bxa7 Kd7
16.Bh3 Be6 17.Bg5 Ra8 18.Rfe1 Nd5 19.a3 Rhe8 20.Rac1 g6 21.Bg2 Nb6 22.f4 e4
23.dxe4  1-0

[Event "Dato Arthur Tan Malaysian Op"]
[Site "Kuala Lumpur MAS"]
[Date "2007.08.25"]
[Round "10"]
[White "Dotsenko,Vi"]
[Black "Schon,E"]
[Result "0-1"]
[WhiteElo "2132"]
[BlackElo "1963"]

1.Nf3 d5 2.g3 Bg4 3.Bg2 Nd7 4.O-O Ngf6 5.d4 c6 6.Nbd2 e6 7.c4 Bd6 8.b3 Qc7
9.Bb2 h5 10.Rc1 O-O-O 11.c5 Be7 12.b4 Bxf3 13.exf3 g5 14.Re1 Rdg8 15.a4 Nf8
16.b5 h4 17.Bc3 g4 18.f4 Ng6 19.Nf1 Nh5 20.Rb1 Ngxf4 21.gxf4 g3 22.fxg3 hxg3
23.Qf3 gxh2+ 24.Kh1 Nxf4 25.Rb2 cxb5 26.axb5 Rg6 27.Re5 f6 28.Ree2 Nxe2 29.Rxe2 f5
30.Be1 Bh4 31.Bd2 Qf7 32.Bf4 Bd8 33.c6 bxc6 34.Rc2 Bb6 35.bxc6 a6 36.Qa3 Qa7
37.c7 Rhg8 38.Qd6 Qb7 39.Ne3 Bxd4 40.Nc4 Qb1+ 41.Rc1 Qa2 42.Nd2 Bb2 43.Rb1 e5
44.Qb4 Rxg2 45.Rxb2 Qa1+ 46.Rb1 Rg1+ 47.Kxh2 Rxb1 48.Nxb1 Rh8+ 49.Kg2 exf4
50.Qb8+ Kd7 51.c8=Q+ Rxc8 52.Qb7+ Rc7 53.Qxd5+ Ke7 54.Nd2 Qg7+  0-1

[Event "Dato Arthur Tan Malaysian Op"]
[Site "Kuala Lumpur MAS"]
[Date "2007.08.25"]
[Round "10"]
[White "Abang,M"]
[Black "Liew Chee Meng, Jimmy"]
[Result "0-1"]
[WhiteElo "2136"]
[BlackElo "2309"]

1.Nf3 d5 2.g3 c5 3.c4 Nf6 4.Bg2 Nc6 5.cxd5 Nxd5 6.Nc3 Nc7 7.O-O e5 8.d3 Be7
9.Be3 Bd7 10.a4 O-O 11.Nd2 f5 12.Nc4 f4 13.Bd2 Bf6 14.a5 Rb8 15.Ne4 Be7 16.Bc3 Nb5
17.Bxe5 Nxe5 18.Nxe5 Be6 19.Nc4 Qe8 20.e3 fxe3 21.fxe3 Qg6 22.Qc2 Rfd8 23.a6 b6
24.Ne5 Qh6 25.Nc6 Qxe3+ 26.Qf2 Qxf2+ 27.Rxf2 Re8 28.Nxb8 Rxb8 29.Nc3 Nxc3
30.Re1 Bf6 31.Rxe6 Nb5 32.Bd5 Kh8 33.Rfxf6 gxf6 34.Rxf6 Rd8 35.Bc6 Kg7 36.Rf1 Nc7
37.Be4 Rd4 38.Bxh7 Nxa6 39.Ra1 Kxh7 40.Rxa6 Rxd3 41.Rxa7+ Kg6 42.Ra3 Rd1+
43.Kg2 Rd2+ 44.Kf3 Rxb2 45.Rd3 c4 46.Rd6+ Kf5 47.Ke3 Ke5 48.Rh6 Rb3+ 49.Kd2 b5
50.Rh4 Kd5 51.Kc2 Kc5 52.g4 Rf3 53.Rh8 Rf2+ 54.Kd1 Rg2 55.Rh5+ Kb4 56.h3 c3
57.Rf5 Kc4 58.Rf4+ Kb3 59.Rf3 Kb2  0-1

[Event "Dato Arthur Tan Malaysian Op"]
[Site "Kuala Lumpur MAS"]
[Date "2007.08.25"]
[Round "10"]
[White "Bancod,Ron"]
[Black "Nadera,B"]
[Result "0-1"]
[WhiteElo "2373"]
[BlackElo "2402"]

1.Nf3 d5 2.g3 Nf6 3.Bg2 e6 4.O-O Be7 5.d3 c5 6.b3 Nc6 7.Bb2 Qc7 8.c4 d4 9.Na3 O-O
10.Nc2 e5 11.e3 Bg4 12.exd4 cxd4 13.h3 Bh5 14.g4 Bg6 15.Nh4 Rad8 16.Nxg6 hxg6
17.Qd2 a5 18.f4 Nd7 19.Rae1 Bh4 20.Re2 Bg3 21.fxe5 Ndxe5 22.Be4 f6 23.Rg2 Bh4
24.Kh1 Qb6 25.Ba3 Rfe8 26.g5 fxg5 27.Rxg5 Bxg5 28.Qxg5 Nb4 29.Nxb4 axb4 30.Bc1 Rd6
31.Qg2 Rf6 32.Rg1 Ref8 33.Bg5 Rf3 34.Re1 R8f5 35.Bd5+ Kh7 36.Re4 Rf1+ 37.Kh2 Nf7
38.Bh4 Ra1 39.Re6 Qc7+ 40.Bg3 Qa5 41.Re2 Nh6 42.Be1 Qd8 43.Be4 Rg5 44.Qf3 Nf5
45.h4 Rh5 46.Qxh5+ gxh5 47.Bxf5+ g6 48.Bh3 Rxe1 49.Rxe1 Qxh4 50.Re4 Qf2+
51.Bg2 h4 52.Kh1 g5 53.Re7+ Kh6 54.Be4 Qe1+ 55.Kg2 Qg3+ 56.Kh1 g4 57.Rxb7 h3
58.Rf7 Kg5 59.Rg7+ Kf4 60.Rf7+ Ke3 61.c5 Qe1+ 62.Kh2 Qh4 63.c6 g3+ 64.Kh1 Qh5
65.Rf3+ Qxf3+ 66.Bxf3 Kxf3 67.c7 g2+ 68.Kh2 Kf2  0-1

[Event "15th Open"]
[Site "Nikea GRE"]
[Date "2007.08.25"]
[Round "3"]
[White "Malikentzos,S"]
[Black "Kounalakis,E"]
[Result "1/2-1/2"]
[WhiteElo "1899"]
[BlackElo "2132"]

1.Nf3 d5 2.g3 Bg4 3.Bg2 Nd7 4.d4 c6 5.O-O e6 6.b3 Bd6 7.Bb2 Qb8 8.Nbd2 Ngf6
9.Qe1 O-O 10.c4 Re8 11.e4 dxe4 12.Nxe4 Nxe4 13.Qxe4 Nf6 14.Qc2 Bf5 15.Qe2 Be4
16.Ne5 Bxg2 17.Kxg2 c5 18.dxc5 Bxc5 19.Rad1 Qc7 20.Ng4 Nxg4 21.Qxg4 Bf8 22.Rd4 Rad8
23.Rfd1 a6 24.Kg1 f5 25.Qe2 Rxd4 26.Bxd4 Qf7 27.Be5 Bc5 28.Rd3 Bb6 29.Qd2 Re7
30.b4 h6 31.c5 Bc7 32.Qf4 Bxe5 33.Qxe5 Qf6 34.Qb8+ Kh7 35.Qd8 Qf7 36.Rd6 e5
37.a4 e4 38.Rd1 e3 39.fxe3 Rxe3 40.Qd5 Qxd5 41.Rxd5 Re4 42.b5 Rxa4 43.bxa6  1/2-1/2

[Event "1st Serbian League Women"]
[Site "Zlatibor SRB"]
[Date "2007.08.25"]
[Round "5"]
[White "Zivkovic,Ves"]
[Black "Eric,J"]
[Result "1-0"]
[WhiteElo "2088"]
[BlackElo "2041"]

1.Nf3 d5 2.g3 Bg4 3.Bg2 c6 4.O-O Nd7 5.d4 e6 6.b3 Bd6 7.Bb2 Ngf6 8.Nbd2 O-O
9.c4 Re8 10.Ne5 Bf5 11.f3 Bb4 12.a3 Bxd2 13.Qxd2 Nxe5 14.dxe5 Nd7 15.Kh1 Nc5
16.Qe3 b6 17.Bd4 Bc2 18.Bxc5 bxc5 19.Qc3 Bg6 20.cxd5 cxd5 21.Qxc5 Qb8 22.Qe3 Rd8
23.f4 Qb5 24.b4 a5 25.bxa5 Rxa5 26.Rfc1 Rda8 27.Bf3 h6 28.Qc3 Qa6 29.Qb4 Rxa3
30.Rxa3 Qxa3 31.Qxa3 Rxa3 32.Kg1 Ra2 33.h4 Bc2 34.Kf2 Kf8 35.Ke3 Ke7 36.Kd4 Kd7
37.Kc3 Ba4 38.Kd4 Bb5 39.e4 Ra3 40.Rc3 Ra4+ 41.Kc5 d4 42.Rb3 Ba6 43.Rb4 Rxb4
44.Kxb4 Kc6 45.Bd1 Bb5 46.Bb3 Bd3 47.Ba4+ Kb6 48.Be8 Bxe4 49.Bxf7 Bf5 50.Bh5 g6
51.Bf3 h5 52.Kc4 d3 53.Kc3 Kc5 54.Bg2 d2 55.Kxd2 Kd4 56.Bc6 Kc5 57.Be8 Kd4
58.Bc6 Kc5 59.Bg2 Kd4 60.Bf3 Bh3 61.Bc6 Bf5 62.Ke2 Bg4+ 63.Kf2 Bf5 64.Bf3 Kd3
65.Bd1 Kd4 66.g4 hxg4 67.Kg3 Kd5 68.Bxg4 Be4 69.Bf3 Bxf3 70.Kxf3 Kd4 71.Kg4 Ke4
72.Kg5  1-0

[Event "1st Serbian League Men"]
[Site "Zlatibor SRB"]
[Date "2007.08.25"]
[Round "5"]
[White "Paunovic,D"]
[Black "Ivanovic,B"]
[Result "1/2-1/2"]
[WhiteElo "2531"]
[BlackElo "2426"]

1.Nf3 d5 2.g3 Bg4 3.Bg2 e6 4.O-O Nf6 5.c4 c6 6.d4 Nbd7 7.Nc3 Be7 8.Ne5 Bh5
9.Qb3 Qb6 10.Nxd7 Nxd7 11.e4 dxe4 12.Nxe4 O-O 13.Be3 Rfd8 14.Qc2 Qa6 15.h3 Nf6
16.Nd2 Rac8 17.Rfc1 b6 18.a3 Bg6 19.Qb3 c5 20.Nf3 Be4 21.dxc5 Bxc5 22.Bxc5 Rxc5
23.Rd1 Rdc8 24.Bf1 h6 25.Qe3 Qb7 26.Nd2 Bg6 27.b4 R5c7 28.Nf3 Be4 29.Ne5 Qb8
30.Rd4 Ba8 31.Rad1 Re7 32.Be2 Qc7 33.f4 Ree8 34.Kf2 Rcd8 35.Bf3 Bxf3 36.Qxf3 Rxd4
37.Rxd4 Rd8 38.Qd1 Rxd4 39.Qxd4 Qb7 40.Qd8+ Kh7 41.Qd3+ Kg8 42.Qd8+ Kh7 43.Qd3+ Kg8  1/2-1/2

[Event "15th Open"]
[Site "Nikea GRE"]
[Date "2007.08.27"]
[Round "6"]
[White "Karagiannis,A"]
[Black "Spirou,P"]
[Result "0-1"]
[WhiteElo "2349"]
[BlackElo "2089"]

1.Nf3 d5 2.g3 c6 3.Bg2 Nf6 4.O-O Bf5 5.d3 h6 6.Nbd2 e6 7.Re1 Be7 8.h3 O-O
9.g4 Bg6 10.Nf1 Qc7 11.c3 Nbd7 12.g5 hxg5 13.Bxg5 Rfe8 14.Qa4 Nh5 15.Bxe7 Rxe7
16.Qh4 Ree8 17.e4 Nc5 18.exd5 exd5 19.d4 Nd3 20.Rxe8+ Rxe8 21.Ne3 Nhf4 22.Bf1 Qe7
23.Qxe7 Rxe7 24.b4 Bh5 25.Bxd3 Bxf3 26.Bf1 Be2 27.h4 Re6 28.Re1 Rg6+ 29.Kh2 Bxf1
30.Rxf1 Ne2 31.Nd1 Rh6 32.Kh3 g5 33.Kg4 gxh4 34.Rh1 h3 35.Rxh3 f5+ 36.Kf3 Ng1+  0-1